000 00718nam a2200229Ia 4500
003 OSt
005 20220923214006.0
006 a|||||r|||| 00| 0
007 ta
008 220922b |||||||| |||| 00| 0 hin d
024 _a166,222
037 _cTextual
040 _aARTS
_cARTS
_bhin
041 _2hin
_ahin
082 _aO152:1J32:18, G0
100 _aचौबे, बिहारीलाल
_9156270
245 0 _aतुलसी सतसई सक्षिप्त टीका सहित
246 _aTulasī satasaī sakṣpunta ṭīkā sahita
260 _c1930
942 _hO152:1J32:18, G0
_cTEXL
_2CC
999 _c320701
_d320701